| 000 | 00000nam##2200000za#4500 |
| 001 | 9.642932 |
| 003 | CaOODSP |
| 005 | 20210624223933 |
| 007 | cr ||||||||||| |
| 008 | 150407|2008||||xxc|||||o f|0| 0 fre|d |
| 040 | |aCaOODSP|bfre |
| 043 | |an-cn--- |
| 086 | 1 |aIu92-4/29-2008F-PDF |
| 110 | 1 |aCanada. |bDiversification de l'économie de l'Ouest Canada. |
| 245 | 10|aÉvaluation du Programme de diversification de l'économie de l'Ouest (PDEO) / |h[ressource électronique]|c[par] Direction générale de la vérification, de l'évaluation et de la divulgation. |
| 260 | |aOttawa - Ontario : |bDiversification de l'économie de l'Ouest Canada |cOctobre 2008. |
| 300 | |a73p.|bgraphiques, tableaux |
| 590 | |a14-05-Supp|b2014-02-26 |
| 691 | 07|aProvinces de l'Ouest|2gcpds |
| 691 | 07|aProgramme fédéral|2gcpds |
| 775 | 08|tEvaluation of the Western Diversification Program (WDP) / |w(CaOODSP)9.698936 |
| 856 | 40|ahttp://publications.gc.ca|qPDF|s547 Ko|uhttps://publications.gc.ca/collections/collection_2014/deo-wd/Iu92-4-29-2008-fra.pdf |